Les10 métiers les mieux payés au monde - Statistiques

Statistiques générales
  • Ce quiz a été pris 959 fois
  • Le résultat moyen est 3 sur 10
Statistiques - réponses
TOP Salaire moyen réponse % Correct
2 ≈ 7000€ Medecin
81%
8 ≈ 4000€ Avocat
64%
3 ≈ 6500€ Chirurgien
55%
6 ≈ 5000€ Ingenieur
41%
9 ≈ 4000€ Banquier
21%
1 ≈ 9000€ Influenceur
10%
7 ≈ 4500€ Pilote de ligne
7%
10 ≈ 3800€ Chauffeur routier
1%
4 ≈ 6000€ Prof d'université
1%
5 ≈ 5000€ Directeur des finances
0%
Aucun quiz correspondant
Distribution des résultats
% des personnes avec chaque résultat
Percentile par nombre de réponses
Votre historique - résultats
Vous n’avez pas pris ce quiz